000 00556nam a2200229Ia 4500
003 OSt
005 20220928140914.0
006 a|||||r|||| 00| 0
007 ta
008 220927b |||||||| |||| 00| 0 eng d
024 _a12394
037 _cTextual
040 _aSDCL
_cSDCL
_beng
041 _2eng
_aeng
082 _aX:8, P0
100 _aRustomji M K
_9433512
245 0 _aArt of management
260 _c2000
700 _a Sapre S A
_9498115
942 _hX:8, P0
_cTEXL
_2CC
999 _c814803
_d814803